Imágenes de la Semana Santa de Ayamonte - Estadísticas

Estadísticas generales
  • Esta prueba ha sido intentada 15 veces
  • La puntuación promedio es 25 de 38
Estadísticas de respuestas
Día en que procesiona Respuesta % Correcto
Cristo de la Buena Muerte
100%
Virgen de la Paz
100%
Lunes Santo Jesús Cautivo
92%
Domingo de Resurreción Jesús Resucitado
92%
Madrugá del Viernes Santo Padre Jesús Nazareno
92%
Virgen de la Soledad
92%
Virgen del Socorro
92%
Cristo Yacente
85%
Miércoles Santo Jesús de Pasión
85%
Jueves Santo Jesús Orando en el Huerto
85%
Santo entierro de Cristo
85%
Virgen de la Amargura
85%
Virgen del Mayor Dolor
85%
Martes Santo Cristo de la Lanzada
77%
Cristo del Amor
77%
Viernes Santo Cristo del descendimiento
77%
Virgen de la Esperanza del Mar
77%
Virgen de la Salud
77%
Virgen de la Victoria
77%
Virgen del Rosario
77%
Cristo De la Vera+Cruz
69%
Viernes de Dolores Jesús de la Humildad
69%
Jesús Caído
62%
Domingo de Ramos Señor triunfante
62%
San Juan evangelista
54%
San Juan evangelista
54%
San Juan evangelista
54%
Virgen del Buen Fin
54%
Virgen de los Dolores (Quinta Angustia)
54%
Martes Santo Santa María Magdalena
38%
Santa María Magdalena
38%
Simón de Cirene
38%
Claudia Prócula
31%
Nicodemo
31%
Poncio Pilato
31%
Ángel confortador
23%
San Longinos a caballo
23%
José de Arimatea
15%
No se encontraron pruebas coincidentes
Distribución de puntuación
Porcentaje de gente con cada puntuación
Porcentaje por número respondido
Historial de tus puntuaciones
No has intentado esta prueba.